[Event "CapaBlancainmemoriam"]
[Site "SchemingMind.com"]
[Date "2008.02.01"]
[Round "-"]
[White "Brennan Price"]
[Black "e_castle3"]
[Result "1-0"]
[WhiteCountry "USA"]
[BlackCountry "PHI"]
[WhiteElo "1988"]
[WhiteRD "86"]
[BlackElo "1774"]
[BlackRD "75"]
[GameID "139667"]

1. e4 e5 2. Nf3 Nc6 3. Bb5 d6 4. d4 exd4 5. Qxd4 Bd7 6. Bxc6 Bxc6 7. Nc3 h6 8. Bf4 Qf6 9. e5 Qe6 10. O-O-O O-O-O
11. Rhe1 d5 12. Nd2 b6 13. Nf1 Bc5 14. Qd3 Ne7 15. Nb5 Kb8 16. Bg3 Nf5 17. Nd2 d4 18. Nb3 Bb4 19. Re2 Bb7 20. Bf4 a6
21. N5xd4 Nxd4 22. Nxd4 Qe8 23. e6 fxe6 24. Qg3 Qf7 25. Nxe6 Rxd1+ 26. Kxd1 Rc8 27. Qxg7 Qxg7 28. Nxg7 Bxg2 29. Kc1 Kb7 30. c3 Bc5
31. Bxh6 Bf3 32. Rd2 Rh8 33. Bf4 Rg8 34. Ne6 Rg1+ 35. Kc2 Be4+ 36. Kb3 Kc6 37. Nd8+ Kb5 38. c4+ Ka5 39. Rd5 Bxd5 40. Bd2+
1-0

[Event "CapaBlancainmemoriam"]
[Site "SchemingMind.com"]
[Date "2008.02.01"]
[Round "-"]
[White "e_castle3"]
[Black "Brennan Price"]
[Result "0-1"]
[WhiteCountry "PHI"]
[BlackCountry "USA"]
[WhiteElo "1808"]
[WhiteRD "76"]
[BlackElo "1980"]
[BlackRD "90"]
[GameID "139676"]

1. f4 e5 2. fxe5 d6 3. Nf3 dxe5 4. d3 Nc6 5. g3 Bc5 6. Bg2 Nf6 7. Bg5 e4 8. Nfd2 Qd4 9. e3 Qxb2 10. Bxf6 Qxf6
11. d4 Bxd4 12. exd4 Qxd4 13. c3 Qe3+ 14. Qe2 Qxe2+ 15. Kxe2 Bg4+ 16. Ke3 O-O-O 17. Nxe4 Rhe8 18. Kf4 Ne5 19. Na3 h5 20. h3 Rd3
21. hxg4 Ng6+
0-1

[Event "CapaBlancainmemoriam"]
[Site "SchemingMind.com"]
[Date "2008.03.01"]
[Round "-"]
[White "Mariazb"]
[Black "Wolli"]
[Result "1-0"]
[WhiteCountry "ARG"]
[BlackCountry "GER"]
[WhiteElo "2318"]
[WhiteRD "81"]
[BlackElo "1870"]
[BlackRD "75"]
[GameID "142356"]

1. d4 d5 2. Nf3 Nf6 3. c4 e6 4. g3 Bb4+ 5. Nbd2 O-O 6. Bg2 b6 7. O-O Bb7 8. b3 dxc4 9. Nxc4 Nbd7 10. Bb2 Rc8
11. a3 Be7 12. b4 a6 13. Rc1 c5 14. dxc5 bxc5 15. Nd6 Bxd6 16. Qxd6 cxb4 17. Qxb4 Qb6 18. Qxb6 Nxb6 19. Ne5 Bxg2 20. Kxg2 Nbd5
21. Rfd1 Rxc1 22. Rxc1 Rb8 23. Rc6 h6 24. Nd3 Rb6 25. Rc8+ Kh7 26. Rf8 Kg6 27. Ra8 Ne4 28. Bd4
1-0

[Event "CapaBlancainmemoriam"]
[Site "SchemingMind.com"]
[Date "2008.03.01"]
[Round "-"]
[White "Wolli"]
[Black "Mariazb"]
[Result "0-1"]
[WhiteCountry "GER"]
[BlackCountry "ARG"]
[WhiteElo "1861"]
[WhiteRD "79"]
[BlackElo "2289"]
[BlackRD "80"]
[GameID "142361"]

1. d4 Nf6 2. c4 e6 3. Nf3 d5 4. Nc3 Be7 5. Bg5 O-O 6. e3 h6 7. Bh4 Ne4 8. Bxe7 Qxe7 9. Rc1 c6 10. Bd3 Nxc3
11. bxc3 Nd7 12. cxd5 exd5 13. O-O Re8 14. c4 Nf6 15. Ne5 dxc4 16. Bxc4 Be6 17. Bxe6 Qxe6 18. Qb3 Qxb3 19. axb3 Nd5 20. Nd3 a5
21. Rc2 a4 22. bxa4 Rxa4 23. Nc5 Ra7 24. Rb1 b6 25. Nd3 Ra3 26. Ne5 c5 27. Nc4 Rc3 28. Rxc3 Nxc3 29. Rxb6 cxd4 30. Rb3 Rc8
31. Ne5 Ne4 32. g3 f6 33. Ng6 Kf7 34. Nf4 g5 35. Rb7+ Kg8 36. Nd5 Rc1+ 37. Kg2 d3 38. Ne7+ Kf7 39. Nf5+ Ke6 40. Nd4+ Kd5
41. Rd7+ Kc4
0-1

[Event "CapaBlancainmemoriam"]
[Site "SchemingMind.com"]
[Date "2008.03.12"]
[Round "-"]
[White "nwhitelaw"]
[Black "mmccaffe"]
[Result "1-0"]
[WhiteCountry "GBR"]
[BlackCountry "USA"]
[WhiteElo "1426"]
[WhiteRD "78"]
[BlackElo "1661"]
[BlackRD "51"]
[GameID "145751"]

1. e4 c5 2. Nc3 e6 3. Bc4 a6 4. e5 b5 5. Qf3 Nc6 6. Nxb5 axb5 7. Bxb5 Qc7 8. Nh3 Ba6 9. Ng5 f5 10. Nxe6 dxe6
11. Bxc6+
1-0

[Event "CapaBlancainmemoriam"]
[Site "SchemingMind.com"]
[Date "2008.03.13"]
[Round "-"]
[White "mmccaffe"]
[Black "nwhitelaw"]
[Result "1-0"]
[WhiteCountry "USA"]
[BlackCountry "GBR"]
[WhiteElo "1614"]
[WhiteRD "52"]
[BlackElo "1376"]
[BlackRD "83"]
[GameID "145760"]

1. e4 e5 2. Nf3 Nc6 3. Bb5 Nd4 4. Nxd4 exd4 5. d3 Qf6 6. Qf3 Qe5 7. Bc4 Bb4+ 8. Bd2 Nh6 9. Bxb4 c5 10. Bd2 d5
11. Bxd5 O-O 12. Bxh6 gxh6 13. Qg3+ Qxg3 14. hxg3 Bd7 15. Rxh6
1-0

[Event "CapaBlancainmemoriam"]
[Site "SchemingMind.com"]
[Date "2008.03.22"]
[Round "-"]
[White "Konan_Kaddosh"]
[Black "jedeve"]
[Result "1-0"]
[WhiteCountry "ITA"]
[BlackCountry "NED"]
[WhiteElo "2496"]
[WhiteRD "63"]
[BlackElo "1540"]
[BlackRD "91"]
[GameID "147184"]

1. d4 Nf6 2. c4 e6 3. Nf3 Nc6 4. Nc3 Bb4 5. Qc2 d6 6. Bd2 O-O 7. a3 Bxc3 8. Bxc3 Re8 9. Rd1 Bd7 10. e3 d5
11. Bd3 h6 12. O-O a6 13. cxd5 exd5 14. Ne5 Nxe5 15. dxe5 Nh7 16. Bxh7+
1-0

[Event "CapaBlancainmemoriam"]
[Site "SchemingMind.com"]
[Date "2008.03.23"]
[Round "-"]
[White "jedeve"]
[Black "Konan_Kaddosh"]
[Result "0-1"]
[WhiteCountry "NED"]
[BlackCountry "ITA"]
[WhiteElo "1540"]
[WhiteRD "96"]
[BlackElo "2496"]
[BlackRD "65"]
[GameID "147193"]

1. e4 c5 2. Nf3 Nc6 3. Bb5 e6 4. O-O Nge7 5. d4 cxd4 6. Nxd4 a6 7. Nxc6 Nxc6 8. Ba4 b5 9. Bb3 Bc5 10. Re1 Qf6
11. Be3 Bxe3 12. Rxe3 O-O 13. Nc3 Ne5 14. Qd6 a5 15. Nxb5 a4 16. Nc7 Ra7 17. Qc5 Ng4 18. Qxa7 Qxf2+ 19. Kh1 Nxe3
0-1

[Event "CapaBlancainmemoriam"]
[Site "SchemingMind.com"]
[Date "2008.04.28"]
[Round "-"]
[White "spoke"]
[Black "Chess_Man01"]
[Result "0-1"]
[WhiteCountry "GER"]
[BlackCountry "GBR"]
[WhiteElo "1812"]
[WhiteRD "69"]
[BlackElo "2283"]
[BlackRD "55"]
[GameID "151820"]

1. e4 c6 2. d4 d5 3. e5 Bf5 4. Bd3 Bxd3 5. Qxd3 e6 6. Nc3 Qb6 7. Nge2 Nd7 8. O-O Ne7 9. Bd2 Nf5 10. Na4 Qb5
11. Qxb5 cxb5 12. Nac3 b4 13. Nd1 Rc8 14. c3 Nb6 15. Ne3 Nxe3 16. fxe3 Nc4 17. Rad1 Nxb2 18. Rb1 Nc4
0-1

[Event "CapaBlancainmemoriam"]
[Site "SchemingMind.com"]
[Date "2008.04.28"]
[Round "-"]
[White "Chess_Man01"]
[Black "spoke"]
[Result "1-0"]
[WhiteCountry "GBR"]
[BlackCountry "GER"]
[WhiteElo "1935"]
[WhiteRD "59"]
[BlackElo "1775"]
[BlackRD "65"]
[GameID "151825"]

1. c4 c5 2. Nc3 Nc6 3. Nf3 g6 4. g3 Bg7 5. Bg2 e6 6. O-O Nge7 7. d3 O-O 8. Bd2 b6 9. a3 Bb7 10. Rb1 Rb8
11. Qa4 a6 12. b4 cxb4 13. axb4 Nf5 14. e3 Ne5 15. Nxe5 b5 16. Qa2 Bxe5 17. Bxb7 Rxb7 18. Qxa6 Rb6 19. Qa5 Bxc3 20. Bxc3 bxc4
21. dxc4 Nd6 22. c5 Ne4 23. Qxb6 Qxb6 24. cxb6 Nxc3 25. Rb3 Nd5 26. b7 Rb8 27. e4 Nb6 28. b5 Rxb7 29. f3 Kg7 30. Rc1 d5
31. Kf2 Kf6 32. Ke3 dxe4 33. Kxe4 Nd5 34. Rc6 Ke7 35. Kd4 Kd7 36. Kc5 h5 37. h4 Rc7 38. Rxc7+ Kxc7 39. b6+
1-0

[Event "CapaBlancainmemoriam"]
[Site "SchemingMind.com"]
[Date "2008.05.30"]
[Round "-"]
[White "Schaakmaatje"]
[Black "sidra"]
[Result "1-0"]
[WhiteCountry "NED"]
[BlackCountry "HUN"]
[WhiteElo "1802"]
[WhiteRD "48"]
[BlackElo "1580"]
[BlackRD "81"]
[GameID "156571"]

1. d4 d5 2. Bf4 e6 3. e3 a6 4. c3 b5 5. Bd3 g6 6. Nf3 f6 7. h3 Bg7 8. Nbd2 Nd7 9. Qc2 c5 10. Bd6 cxd4
11. exd4 Nb6 12. Bxg6+ Kd7 13. Bc5 hxg6 14. Qxg6 Bh6 15. Qf7+ Kc6 16. Nb3 Nc4 17. a4 bxa4 18. Rxa4 Nxb2 19. Na5+ Kb5 20. Rb4+ Kxa5
21. O-O Na4 22. Ra1 Bd7 23. Qxd7 Qb8 24. Raxa4#
1-0

[Event "CapaBlancainmemoriam"]
[Site "SchemingMind.com"]
[Date "2008.05.30"]
[Round "-"]
[White "sidra"]
[Black "Schaakmaatje"]
[Result "0-1"]
[WhiteCountry "HUN"]
[BlackCountry "NED"]
[WhiteElo "1580"]
[WhiteRD "81"]
[BlackElo "1802"]
[BlackRD "48"]
[GameID "156584"]

1. d4 d5 2. e3 Bf5 3. a3 e6 4. b4 Nf6 5. f3 Bd6 6. Bb2 O-O 7. Nd2 Nbd7 8. c4 dxc4 9. Bxc4 Nb6 10. Bb3 Qe7
11. e4 Nh5 12. Ne2 Qh4+ 13. Kf1 Bg6 14. e5 Be7 15. g3 Qh3+ 16. Kf2 Bh4 17. gxh4 Qxh4+ 18. Ng3 Nf4 19. Ne4 Nbd5 20. Bc2 Nh3+
21. Ke2 Nhf4+ 22. Kf2 Ng2 23. Bc1 Ngf4 24. Bxf4 Nxf4 25. Nc5 Nh3+ 26. Kg2 Nf4+ 27. Kf1 Qh3+ 28. Kf2 Qg2+ 29. Ke3 Nd5#
0-1

[Event "CapaBlancainmemoriam"]
[Site "SchemingMind.com"]
[Date "2008.07.23"]
[Round "-"]
[White "mmccaffe"]
[Black "Konan_Kaddosh"]
[Result "0-1"]
[WhiteCountry "USA"]
[BlackCountry "ITA"]
[WhiteElo "1587"]
[WhiteRD "55"]
[BlackElo "2570"]
[BlackRD "66"]
[GameID "164520"]

1. e4 c5 2. Nf3 Nc6 3. Bb5 g6 4. Bxc6 dxc6 5. O-O Bg7 6. c3 Qd3 7. Qe1 Nf6 8. e5 Nd5 9. Na3 Nf4 10. Qe3 Ne2+
11. Kh1 Ng3+ 12. hxg3 Qxf1+ 13. Kh2 h5 14. Nh4 g5 15. Qxg5 Bh6 16. Qxh5 Be6 17. b3 O-O-O 18. Bb2 Qxf2 19. Rd1 Bf4 20. Qf3 Rxh4#
0-1

[Event "CapaBlancainmemoriam"]
[Site "SchemingMind.com"]
[Date "2008.07.22"]
[Round "-"]
[White "Konan_Kaddosh"]
[Black "mmccaffe"]
[Result "1-0"]
[WhiteCountry "ITA"]
[BlackCountry "USA"]
[WhiteElo "2570"]
[WhiteRD "66"]
[BlackElo "1587"]
[BlackRD "55"]
[GameID "164530"]

1. d4 Nf6 2. Bg5 g6 3. Nf3 Bg7 4. e3 O-O 5. Nc3 d5 6. Bd3 Bg4 7. h3 Bxf3 8. Qxf3 c6 9. h4 h5 10. Bxf6 exf6
11. g4 hxg4 12. Qxg4 Qd7 13. Qg2 f5 14. h5 Qe6 15. O-O-O Nd7 16. Ne2 c5 17. hxg6 fxg6 18. Nf4 Qb6 19. Qxd5+
1-0

[Event "CapaBlancainmemoriam"]
[Site "SchemingMind.com"]
[Date "2008.09.01"]
[Round "-"]
[White "Schaakmaatje"]
[Black "Tahur"]
[Result "1/2-1/2"]
[WhiteCountry "NED"]
[BlackCountry "ARG"]
[WhiteElo "1851"]
[WhiteRD "48"]
[BlackElo "2007"]
[BlackRD "66"]
[GameID "169181"]

1. d4 d5 2. Nf3 Nf6 3. c3 Nc6 4. e3 e6 5. Bd3 Bd6 6. Nbd2 e5 7. dxe5 Nxe5 8. Nxe5 Bxe5 9. Nf3 Bd6 10. Qc2 c6
11. Bf5 Bxf5 12. Qxf5 O-O 13. O-O Qd7 14. Nd4 Rae8 15. Bd2 Qxf5 16. Nxf5 Bc7 17. Rac1 g6 18. Nh4 Ne4 19. Rcd1 f6 20. Bc1 Re6
21. Nf3 Rd8 22. Nd2 Rde8 23. Nb3 R6e7 24. Rde1 Nd6 25. Re2 Nc4 26. Rfe1 Ne5 27. Rd1 a6 28. Nc5 Bb6 29. Nb3 Bc7 30. h3 b6
31. Nd2 Nd3 32. Nf1 Nxc1 33. Rxc1 Re4 34. b3 Kf7 35. Nd2 R4e7 36. Nf3 Re4 37. Nd2 R4e7 38. Nf3=
1/2-1/2

[Event "CapaBlancainmemoriam"]
[Site "SchemingMind.com"]
[Date "2008.08.31"]
[Round "-"]
[White "Tahur"]
[Black "Schaakmaatje"]
[Result "1-0"]
[WhiteCountry "ARG"]
[BlackCountry "NED"]
[WhiteElo "2001"]
[WhiteRD "61"]
[BlackElo "1837"]
[BlackRD "46"]
[GameID "169185"]

1. e4 d6 2. d4 g6 3. c4 Bg7 4. Nc3 Nf6 5. f3 c6 6. Be3 O-O 7. Qd2 e5 8. O-O-O exd4 9. Bxd4 Ne8 10. Bxg7 Kxg7
11. c5 Nd7 12. cxd6 Ne5 13. f4 Ng4 14. Nf3 Be6 15. Ng5 h6 16. Qd4+ Ngf6 17. Nxe6+ fxe6 18. Bc4
1-0

[Event "CapaBlancainmemoriam"]
[Site "SchemingMind.com"]
[Date "2008.10.28"]
[Round "-"]
[White "Chess_Man01"]
[Black "Brennan Price"]
[Result "0-1"]
[WhiteCountry "GBR"]
[BlackCountry "USA"]
[WhiteElo "1936"]
[WhiteRD "60"]
[BlackElo "2132"]
[BlackRD "90"]
[GameID "176532"]

1. e4 e5 2. Nf3 Nf6 3. Nxe5 d6 4. Nf3 Nxe4 5. d4 d5 6. Bd3 Bd6 7. O-O O-O 8. c4 c6 9. Qc2 Na6 10. a3 Bg4
11. Ne5 Bxe5 12. dxe5 Nac5 13. f3 Nxd3 14. Qxd3 Nc5 15. Qd4 Nb3 16. Qxg4 Nxa1 17. Bh6 g6 18. Bxf8 Qxf8 19. cxd5 cxd5 20. Qd4 Nc2
21. Qf2 Rc8 22. Rc1 Qc5
0-1

[Event "CapaBlancainmemoriam"]
[Site "SchemingMind.com"]
[Date "2008.10.28"]
[Round "-"]
[White "Brennan Price"]
[Black "Chess_Man01"]
[Result "1-0"]
[WhiteCountry "USA"]
[BlackCountry "GBR"]
[WhiteElo "2132"]
[WhiteRD "90"]
[BlackElo "1936"]
[BlackRD "60"]
[GameID "176539"]

1. e4 c5 2. Nf3 d6 3. d4 cxd4 4. Nxd4 Nf6 5. Nc3 a6 6. f4 e5 7. Nf3 Nbd7 8. a4 Be7 9. Bd3 O-O 10. O-O exf4
11. Kh1 Nc5 12. Bxf4 Bg4 13. Be3 Rc8 14. Qd2 Re8 15. Nd4 d5 16. e5 Nfe4 17. Nxe4 Nxe4 18. Bxe4 dxe4 19. Rf4 Bh5 20. Rxe4 Bg6
21. Rg4 Qd5 22. c3 Qxe5 23. Rg3
1-0

[Event "CapaBlancainmemoriam"]
[Site "SchemingMind.com"]
[Date "2008.11.05"]
[Round "-"]
[White "Mariazb"]
[Black "Konan_Kaddosh"]
[Result "1/2-1/2"]
[WhiteCountry "ARG"]
[BlackCountry "ITA"]
[WhiteElo "2252"]
[WhiteRD "85"]
[BlackElo "2607"]
[BlackRD "67"]
[GameID "177081"]

1. e4 c5 2. Nf3 Nc6 3. d4 cxd4 4. Nxd4 e5 5. Nb5 d6 6. N1c3 a6 7. Na3 b5 8. Nd5 Nf6 9. Bg5 Be7 10. Bxf6 Bxf6
11. c4 b4 12. Nc2 O-O 13. Be2 Bg5 14. O-O Be6 15. h3 Qb8 16. Bg4 h6 17. b3 a5 18. Qe2 Qb7 19. g3 a4 20. Rfb1 Bd8
21. Qd3 Qd7 22. bxa4 Rxa4 23. a3 bxa3 24. Rxa3 Rxa3 25. Nxa3 Bxg4 26. hxg4 Qxg4 27. Nb5 h5 28. Kg2 Qe6 29. Ne3 Bb6 30. Qd5 Bxe3
31. fxe3 Qg4 32. Qxc6 h4 33. Qd5 Qxg3+ 34. Kh1 Qh3+ 35. Kg1 Qxe3+ 36. Kh2 Qg3+ 37. Kh1 Qh3+ 38. Kg1 Qg4+ 39. Kh2=
1/2-1/2

[Event "CapaBlancainmemoriam"]
[Site "SchemingMind.com"]
[Date "2008.11.05"]
[Round "-"]
[White "Konan_Kaddosh"]
[Black "Mariazb"]
[Result "1-0"]
[WhiteCountry "ITA"]
[BlackCountry "ARG"]
[WhiteElo "2618"]
[WhiteRD "66"]
[BlackElo "2258"]
[BlackRD "85"]
[GameID "177088"]

1. d4 Nf6 2. Bg5 d5 3. e3 c6 4. Nd2 Qb6 5. Nb3 a5 6. a4 Ne4 7. Bf4 Nd7 8. Bd3 g5 9. Bg3 h5 10. Bxe4 dxe4
11. h4 gxh4 12. Bxh4 Rg8 13. Ne2 Rxg2 14. Nf4 Rg7 15. c3 Rg4 16. Nxh5 f5 17. Nf4 Bh6 18. Qc2 Bxf4 19. exf4 Rg8 20. O-O-O Nf8
21. Bg5 Qc7 22. f3 Ne6 23. fxe4 Nxg5 24. fxg5 Qf4+ 25. Qd2 Qxg5 26. Qxg5 Rxg5 27. Rh8+ Kf7 28. exf5 Rg8 29. Rh7+ Rg7 30. Rh5 b5
31. Nc5 bxa4 32. Rdh1 Ra7 33. Kd2
1-0

[Event "CapaBlancainmemoriam"]
[Site "SchemingMind.com"]
[Date "2009.05.11"]
[Round "-"]
[White "Brennan Price"]
[Black "Tahur"]
[Result "1-0"]
[WhiteCountry "USA"]
[BlackCountry "ARG"]
[WhiteElo "2130"]
[WhiteRD "95"]
[BlackElo "1993"]
[BlackRD "80"]
[GameID "204298"]

1. e4 c5 2. Nf3 Nc6 3. d4 cxd4 4. Nxd4 e5 5. Nb5 a6 6. Nd6+ Bxd6 7. Qxd6 Qe7 8. Qd1 d6 9. Nc3 h6 10. Nd5 Qd8
11. Be3 Rb8 12. Bb6 Qh4 13. Nc7+ Ke7 14. Qd3 f6 15. g3 Qh5 16. Nd5+ Kf7 17. Bc7 Bh3 18. Bxb8 Nxb8 19. Be2 Qg6 20. Qb3 Kf8
21. Qxb7 Nd7 22. Qxa6 Qxe4 23. O-O-O Kf7 24. f3 Qf5 25. Bc4 Qxf3 26. Nf4+ d5 27. Bxd5+ Qxd5 28. Rxd5 exf4 29. Rhd1 Nb8 30. Qb7+ Ne7
31. gxf4 Bg2 32. c4 Re8 33. Qb3 Nxd5 34. cxd5 Nd7 35. d6+ Kf8 36. Qg3 Be4 37. Rg1 g6 38. Kd2 Re6 39. Qa3 Bf5 40. Re1 Kf7
41. Rxe6 Kxe6 42. Ke3 Kd5 43. Qb4 Nc5 44. Qd4+ Kc6 45. Qxf6 Ne4 46. d7+ Nxf6 47. d8=Q Ng4+ 48. Kd4 Nxh2 49. Qd5+ Kc7 50. Kc5 Bd7
51. Qd6+ Kd8 52. f5 gxf5 53. Qxh2
1-0

[Event "CapaBlancainmemoriam"]
[Site "SchemingMind.com"]
[Date "2009.05.11"]
[Round "-"]
[White "Tahur"]
[Black "Brennan Price"]
[Result "1/2-1/2"]
[WhiteCountry "ARG"]
[BlackCountry "USA"]
[WhiteElo "1993"]
[WhiteRD "80"]
[BlackElo "2130"]
[BlackRD "95"]
[GameID "204303"]

1. e4 c5 2. Nf3 d6 3. d4 cxd4 4. Nxd4 Nf6 5. Nc3 a6 6. Be3 e6 7. Be2 Qc7 8. O-O Be7 9. f4 O-O 10. g3 b5
11. a3 Bb7 12. Bf3 Nbd7 13. Qd2 Nb6 14. Qc1 Rad8 15. Rd1 d5 16. e5 Ne4 17. Nxe4 dxe4 18. Be2 Rd7 19. c3 Rfd8 20. Kh1 Nc4
21. a4 Nxe3 22. Qxe3 Bc5 23. axb5 axb5 24. Bxb5 Rd5 25. Be2 Qb6 26. Rd2 Bxd4 27. cxd4 Ra5 28. Rxa5 Qxa5 29. Rd1 Qb6 30. b3 Ra8
31. Rc1 h6 32. Bc4 Rd8 33. Rd1 Ra8 34. Rd2 Ra1+ 35. Kg2 Qa5 36. Kh3 Rc1= 37. Re2 Rd1 38. Rc2 Qd8 39. Rd2=
1/2-1/2

[Event "CapaBlancainmemoriam"]
[Site "SchemingMind.com"]
[Date "2009.08.31"]
[Round "-"]
[White "Brennan Price"]
[Black "Konan_Kaddosh"]
[Result "0-1"]
[WhiteCountry "USA"]
[BlackCountry "ITA"]
[WhiteElo "2086"]
[WhiteRD "99"]
[BlackElo "2603"]
[BlackRD "75"]
[GameID "217593"]

1. c4 e5 2. Nc3 Nf6 3. Nf3 Nc6 4. g3 Bb4 5. Bg2 O-O 6. O-O d6 7. d3 h6 8. Bd2 Be6 9. a3 Bxc3 10. Bxc3 Qd7
11. e4 a6 12. Re1 Bg4 13. Qd2 Rfe8 14. b4 Bh3 15. a4 Bxg2 16. Kxg2 Qe6 17. Reb1 Nd7 18. b5 Ne7 19. bxa6 bxa6 20. Rb7 Nc5
21. Rb2 Nc6 22. a5 f5 23. Nh4 fxe4
0-1

[Event "CapaBlancainmemoriam"]
[Site "SchemingMind.com"]
[Date "2009.08.31"]
[Round "-"]
[White "Konan_Kaddosh"]
[Black "Brennan Price"]
[Result "1-0"]
[WhiteCountry "ITA"]
[BlackCountry "USA"]
[WhiteElo "2610"]
[WhiteRD "72"]
[BlackElo "2131"]
[BlackRD "103"]
[GameID "217602"]

1. e4 e5 2. Nf3 Nc6 3. Bb5 a6 4. Ba4 Nf6 5. O-O Nxe4 6. d4 b5 7. Bb3 d5 8. dxe5 Be6 9. Be3 Be7 10. c3 O-O
11. Nbd2 Qd7 12. Re1 Rad8 13. Bc2 Bf5 14. Qb1 Nxd2 15. Bxd2 Bg6 16. Bxg6 hxg6 17. h3 d4 18. e6 fxe6 19. Qxg6 d3 20. Qxe6+ Qxe6
21. Rxe6 Rf6 22. Rae1 Rd7 23. R1e4 a5 24. Kf1
1-0